<?xml version="1.0" encoding="UTF-8"?>
<record
    xmlns:xsi="http://www.w3.org/2001/XMLSchema-instance"
    xsi:schemaLocation="http://www.loc.gov/MARC21/slim http://www.loc.gov/standards/marcxml/schema/MARC21slim.xsd"
    xmlns="http://www.loc.gov/MARC21/slim">

  <leader>00504nam a22001697a 4500</leader>
  <datafield tag="010" ind1=" " ind2=" ">
    <subfield code="a">ENG-120435</subfield>
  </datafield>
  <datafield tag="020" ind1=" " ind2=" ">
    <subfield code="c">290.00</subfield>
    <subfield code="a">9788122507874</subfield>
  </datafield>
  <datafield tag="035" ind1=" " ind2=" ">
    <subfield code="a">EN-103967</subfield>
  </datafield>
  <datafield tag="037" ind1=" " ind2=" ">
    <subfield code="b">DBAD/PUB</subfield>
  </datafield>
  <datafield tag="082" ind1=" " ind2=" ">
    <subfield code="a">338.04</subfield>
  </datafield>
  <datafield tag="100" ind1=" " ind2=" ">
    <subfield code="a">Shukla, Mata Badal</subfield>
  </datafield>
  <datafield tag="245" ind1=" " ind2=" ">
    <subfield code="a">Fundamentals of entrepreneurship /</subfield>
    <subfield code="c">by Mata Badal Shukla</subfield>
  </datafield>
  <datafield tag="260" ind1=" " ind2=" ">
    <subfield code="a">Allahabad</subfield>
    <subfield code="b">Kitab Mahal</subfield>
    <subfield code="c">2016</subfield>
  </datafield>
  <datafield tag="270" ind1=" " ind2=" ">
    <subfield code="a">22-A,Sarojini Naidu Marg</subfield>
    <subfield code="b">Allahabad</subfield>
    <subfield code="e">211001</subfield>
  </datafield>
  <datafield tag="300" ind1=" " ind2=" ">
    <subfield code="a">xii,508p.</subfield>
    <subfield code="c">24cm(pbk)</subfield>
  </datafield>
  <datafield tag="942" ind1=" " ind2=" ">
    <subfield code="2">ddc</subfield>
    <subfield code="c">EN</subfield>
    <subfield code="h">338.04</subfield>
    <subfield code="m">SHU</subfield>
  </datafield>
  <datafield tag="999" ind1=" " ind2=" ">
    <subfield code="c">145099</subfield>
    <subfield code="d">145099</subfield>
  </datafield>
  <datafield tag="952" ind1=" " ind2=" ">
    <subfield code="0">0</subfield>
    <subfield code="1">0</subfield>
    <subfield code="4">0</subfield>
    <subfield code="7">1</subfield>
    <subfield code="8">NFIC</subfield>
    <subfield code="a">DBAD</subfield>
    <subfield code="b">BN</subfield>
    <subfield code="d">2017-09-20</subfield>
    <subfield code="e">DBAD/PUB</subfield>
    <subfield code="g">290.00</subfield>
    <subfield code="l">0</subfield>
    <subfield code="o">338.04 SHU</subfield>
    <subfield code="p">EN-103967</subfield>
    <subfield code="r">2017-09-20 00:00:00</subfield>
    <subfield code="t">1</subfield>
    <subfield code="v">290.00</subfield>
    <subfield code="y">EN</subfield>
  </datafield>
</record>
